Catálogo

La filosofía del no : (Registro nro. 62053)

Detalles MARC
000 -LEADER
fixed length control field 00743nam a2200229 a 4500
001 - CONTROL NUMBER
control field 62053
005 - DATE AND TIME OF LATEST TRANSACTION
control field 20180714063931.0
008 - FIXED-LENGTH DATA ELEMENTS--GENERAL INFORMATION
fixed length control field 150209s2009 ag 000 0 spa d
020 ## - INTERNATIONAL STANDARD BOOK NUMBER
International Standard Book Number 978-950-518-387-6
082 0# - DEWEY DECIMAL CLASSIFICATION NUMBER
Classification number 190
Item number BAC
100 1# - MAIN ENTRY--PERSONAL NAME
Personal name Bachelard, Gaston,
Relator term autor
245 13 - TITLE STATEMENT
Title La filosofía del no :
Remainder of title ensayo de una filosofía del nuevo espíritu científico /
Statement of responsibility, etc. Gaston Bachelard.
250 ## - EDITION STATEMENT
Edition statement Segunda edición
264 #1 - PRODUCTION, PUBLICATION, DISTRIBUTION, MANUFACTURE, AND COPYRIGHT NOTICE
Place of production, publication, distribution, manufacture Argentina :
Name of producer, publisher, distributor, manufacturer Amorrortu,
Date of production, publication, distribution, manufacture, or copyright notice 2009
300 ## - PHYSICAL DESCRIPTION
Extent 144 páginas ;
Dimensions 20 cm.
336 ## - CONTENT TYPE
Content type term texto
Source rdacontent
337 ## - MEDIA TYPE
Media type term sinmediación
Source rdamedia
338 ## - CARRIER TYPE
Carrier type term volumen
Source rdacarrier
490 0# - SERIES STATEMENT
Series statement Biblioteca de filosofía
650 #0 - SUBJECT ADDED ENTRY--TOPICAL TERM
Topical term or geographic name entry element Filosofía
700 1# - ADDED ENTRY--PERSONAL NAME
Personal name Labrume, Noemí Fiorito,
Relator term traductor
Existencias
Withdrawn status Lost status Source of classification or shelving scheme Damaged status Not for loan Collection code Home library Current library Shelving location Date acquired Source of acquisition Inventory number Total Checkouts Full call number Barcode Date last seen Price effective from Koha item type
    Dewey Decimal Classification     General Centro de Estudios en Ciencia y Religión Centro de Estudios en Ciencia y Religión Sala general 09/02/2015 Compra 151000000000000000077951   190 BAC 2009 93467 05/01/2026 20/11/2015 Libro